[Event "ChFRA - National B"]
[Site "Aix-les-Bains"]
[Date "2007.08.13"]
[Round "1.1"]
[White "Abergel, Thal"]
[Black "Cornette, Matthieu"]
[Result "1-0"]
[WhiteElo "2512"]
[BlackElo "2487"]
[PlyCount "109"]
[EventDate "2007.08.13"]
[EventType "tourn"]
[EventRounds "11"]
[EventCountry "FRA"]
[Source "lmi"]
[SourceDate "2007.08.13"]

1. e4 e5 2. Nf3 Nc6 3. Bc4 Nf6 4. d3 Be7 5. O-O O-O 6. Re1 d6 7. a4 Na5 8. Ba2
c5 9. Nc3 Nc6 10. Nd5 Nxd5 11. Bxd5 Be6 12. c3 Qd7 13. a5 Bf6 14. Qa4 Rab8 15.
Be3 Rfd8 16. Nd2 Bxd5 17. exd5 Ne7 18. Qa2 Nf5 19. Ne4 Be7 20. Rab1 Nh4 21. f3
Qf5 22. b4 Qg6 23. Kh1 b6 24. bxc5 bxc5 25. Bg1 Kh8 26. a6 f5 27. Ng3 Bg5 28.
Rb7 Ra8 29. Qf2 f4 30. Ne4 Nf5 31. Qb2 Ng3+ 32. hxg3 fxg3 33. Nxg5 Qxg5 34. Be3
Qh4+ 35. Kg1 Rf8 36. Kf1 Qh1+ 37. Bg1 h5 38. Re4 h4 39. Qe2 Rf5 40. Rb1 Raf8
41. Rg4 g5 42. c4 Kg7 43. d4 cxd4 44. Rb7+ Kh6 45. Rb3 Rf4 46. Rxf4 Rxf4 47.
Rb8 e4 48. Re8 Kh5 49. Rxe4 d3 50. Qxd3 h3 51. Re2 Rf7 52. Qc3 Kg6 53. Re6+ Kh7
54. Qd3+ Kh8 55. Rh6+ 1-0

[Event "ChFRA - National B"]
[Site "Aix-les-Bains"]
[Date "2007.08.13"]
[Round "1.2"]
[White "Colin, Vincent"]
[Black "Govciyan, Pavel"]
[Result "0-1"]
[WhiteElo "2425"]
[BlackElo "2430"]
[PlyCount "80"]
[EventDate "2007.08.13"]
[EventType "tourn"]
[EventRounds "11"]
[EventCountry "FRA"]
[Source "lmi"]
[SourceDate "2007.08.13"]

1. e4 e5 2. Nf3 Nc6 3. d4 exd4 4. Nxd4 Bc5 5. Nxc6 Qf6 6. Qf3 bxc6 7. Nd2 Qxf3
8. gxf3 d5 9. Nb3 Bd6 10. Bd2 Ne7 11. c4 dxe4 12. fxe4 Ng6 13. f3 O-O 14. O-O-O
f5 15. exf5 Bxf5 16. Nd4 Bd7 17. Bd3 Ne5 18. Be4 Nxc4 19. Bc3 Rae8 20. Rhg1 Rf7
21. h4 Ne3 22. Rd3 Nd5 23. Bd2 Nf4 24. Bxf4 Rxf4 25. h5 c5 26. Ne2 Rh4 27. Ng3
Re5 28. f4 Rxf4 29. h6 g6 30. Bd5+ Kf8 31. Rgd1 Bg4 32. R1d2 Be6 33. Bxe6 Rxe6
34. Ra3 Rh4 35. Rf2+ Ke7 36. Ne2 g5 37. Nc3 g4 38. Nd5+ Kd7 39. Ra4 Rh1+ 40.
Kd2 g3 0-1

[Event "ChFRA - National B"]
[Site "Aix-les-Bains"]
[Date "2007.08.13"]
[Round "1.3"]
[White "Crut, Aurelien"]
[Black "Maze, Sebastien"]
[Result "0-1"]
[WhiteElo "2350"]
[BlackElo "2530"]
[PlyCount "64"]
[EventDate "2007.08.13"]
[EventType "tourn"]
[EventRounds "11"]
[EventCountry "FRA"]
[Source "lmi"]
[SourceDate "2007.08.13"]

1. e4 c5 2. Nf3 Nc6 3. Bb5 e6 4. O-O Nge7 5. c3 a6 6. Ba4 b5 7. Bc2 d5 8. e5 d4
9. Be4 d3 10. c4 Rb8 11. cxb5 axb5 12. Nc3 Qd7 13. a4 b4 14. Nb5 Ng6 15. b3 Bb7
16. Bb2 Na5 17. Bxb7 Rxb7 18. Rb1 Qd5 19. Ba1 Nf4 20. Re1 Be7 21. Re3 c4 22.
bxc4 Nxc4 23. Re1 O-O 24. Qb3 Rc8 25. Nc3 Qc6 26. Ne4 Ne2+ 27. Rxe2 dxe2 28. d3
Na3 29. Re1 Qc2 30. Qxc2 Nxc2 31. Rc1 Rbc7 32. Nd6 Nxa1 0-1

[Event "ChFRA - National B"]
[Site "Aix-les-Bains"]
[Date "2007.08.13"]
[Round "1.4"]
[White "Libiszewski, Fabien"]
[Black "Kouatly, Bachar"]
[Result "0-1"]
[WhiteElo "2469"]
[BlackElo "2475"]
[PlyCount "132"]
[EventDate "2007.08.13"]
[EventType "tourn"]
[EventRounds "11"]
[EventCountry "FRA"]
[Source "lmi"]
[SourceDate "2007.08.13"]

1. e4 c5 2. Nf3 e6 3. d3 d5 4. Qe2 Nf6 5. g3 g6 6. exd5 Nxd5 7. Bg5 f6 8. Bc1
Bg7 9. Bg2 Nc6 10. O-O O-O 11. c3 f5 12. a3 Re8 13. Bg5 Qd7 14. c4 Nc7 15. Qd2
e5 16. Nc3 b6 17. Nh4 Rb8 18. b4 Ne6 19. Nd5 Qf7 20. Bh6 Bh8 21. Rab1 Bb7 22.
Rfe1 Ne7 23. bxc5 Nxc5 24. d4 exd4 25. Bf4 Ne4 26. Nxe7+ Qxe7 27. Qa2 Qf7 28.
Bxb8 Rxb8 29. Qc2 Rc8 30. Rbc1 b5 31. Bf1 Bd5 32. f3 Nd6 33. c5 Nc4 34. Bd3 Bf6
35. a4 a6 36. axb5 axb5 37. Qe2 Kf8 38. Kf2 Qc7 39. Ng2 Bg5 40. h4 Bxc1 41.
Rxc1 Re8 42. Qc2 Qxc5 43. h5 g5 44. Rb1 Kg7 45. Ne1 Re3 46. Qb3 Na3 47. Qb4
Qxb4 48. Rxb4 Bc4 49. Bxc4 bxc4 50. Ra4 Kh6 51. g4 f4 52. Ra6+ Kg7 53. h6+ Kf7
54. Ra7+ Kf6 55. Rxh7 d3 56. Rd7 Nc2 57. Nxd3 cxd3 58. h7 Re8 59. Rxd3 Kg6 60.
Rd7 Rh8 61. Rd6+ Kxh7 62. Rd7+ Kg6 63. Rd6+ Kf7 64. Rd7+ Ke6 65. Rg7 Kf6 66.
Rc7 Ke5 0-1

[Event "ChFRA - National B"]
[Site "Aix-les-Bains"]
[Date "2007.08.13"]
[Round "1.5"]
[White "Prie, Eric"]
[Black "Shoker, Samy"]
[Result "1-0"]
[WhiteElo "2518"]
[BlackElo "2318"]
[PlyCount "60"]
[EventDate "2007.08.13"]
[EventType "tourn"]
[EventRounds "11"]
[EventCountry "FRA"]
[Source "lmi"]
[SourceDate "2007.08.13"]

1. d4 g6 2. Bg5 Bg7 3. e3 d6 4. Nf3 Nd7 5. Be2 f6 6. Bh4 e5 7. Nc3 Nh6 8. Qd3
Nf5 9. Bg3 c6 10. O-O-O Qe7 11. Nh4 Nb6 12. d5 c5 13. Qb5+ Kf7 14. Kb1 Nxg3 15.
hxg3 e4 16. g4 Bd7 17. Qa5 Rhb8 18. f3 exf3 19. gxf3 Kg8 20. Ng2 f5 21. gxf5
Bxf5 22. e4 Bd7 23. f4 Nc8 24. e5 b6 25. Qa6 b5 26. e6 Rb6 27. Qa5 Be8 28. Ne4
b4 29. Ne3 Rb7 30. f5 Rab8 1-0

[Event "ChFRA - National B"]
[Site "Aix-les-Bains"]
[Date "2007.08.13"]
[Round "1.6"]
[White "Shchekachev, Andrei"]
[Black "Edouard, Romain"]
[Result "1/2-1/2"]
[WhiteElo "2541"]
[BlackElo "2483"]
[PlyCount "70"]
[EventDate "2007.08.13"]
[EventType "tourn"]
[EventRounds "11"]
[EventCountry "FRA"]
[Source "lmi"]
[SourceDate "2007.08.13"]

1. Nf3 c5 2. c4 Nc6 3. Nc3 e5 4. g3 g6 5. Bg2 Bg7 6. O-O Nge7 7. Ne1 d6 8. d3
Be6 9. Bg5 f6 10. Bd2 O-O 11. Nc2 d5 12. cxd5 Nxd5 13. Ne3 Nde7 14. Qa4 Rc8 15.
Rfc1 b6 16. Nc2 Kh8 17. Ne1 h6 18. Nc2 f5 19. Be1 a5 20. Na3 Nd4 21. Qd1 Rb8
22. e3 Ndc6 23. Nab5 Qd7 24. Qe2 Nb4 25. Rd1 Nxa2 26. d4 Nxc3 27. bxc3 Bb3 28.
dxe5 Bxd1 29. Rxd1 Qe6 30. f4 Rbd8 31. Rb1 Rd7 32. c4 Rfd8 33. Nc3 Kh7 34. h3
Kg8 35. Na4 Nc8 1/2-1/2

[Event "ChFRA - National B"]
[Site "Aix-les-Bains"]
[Date "2007.08.13"]
[Round "2.1"]
[White "Edouard, Romain"]
[Black "Crut, Aurelien"]
[Result "0-1"]
[WhiteElo "2483"]
[BlackElo "2350"]
[PlyCount "130"]
[EventDate "2007.08.13"]
[EventType "tourn"]
[EventRounds "11"]
[EventCountry "FRA"]
[Source "lmi"]
[SourceDate "2007.08.13"]

1. e4 c6 2. Nf3 d5 3. Nc3 Bg4 4. h3 Bh5 5. exd5 cxd5 6. Bb5+ Nc6 7. g4 Bg6 8.
Ne5 Qc8 9. d4 e6 10. h4 f6 11. Nxg6 hxg6 12. Be3 Bb4 13. Kf1 Bxc3 14. bxc3 Kf7
15. Rb1 Na5 16. Bd3 Ne7 17. h5 Qc7 18. Kg2 Nc4 19. Qf3 b6 20. Bf4 Qd7 21. Rh3
Nd6 22. Rbh1 Ne4 23. hxg6+ Nxg6 24. Rxh8 Rxh8 25. Rxh8 Nxh8 26. Qh3 Ng6 27. Be3
f5 28. f3 Nf6 29. gxf5 exf5 30. Bg5 Ne7 31. Kf2 Qe6 32. Qh2 Qc6 33. Bd2 Qe6 34.
Qb8 Qd7 35. c4 Nc6 36. Qf4 g6 37. Qh4 Qe6 38. cxd5 Qxd5 39. Bc3 b5 40. a3 a5
41. Qf4 Kg8 42. Qc7 Ne8 43. Qc8 Kf8 44. Qb7 Nd6 45. Qh7 b4 46. axb4 axb4 47.
Bd2 Nxd4 48. Bh6+ Ke8 49. Qxg6+ Kd7 50. Qg3 Nxc2 51. Qg7+ Kc6 52. Bxc2 Qc5+ 53.
Kg3 Qxc2 54. Qd4 Qc4 55. Qd2 b3 56. Bf4 Qg8+ 57. Kf2 Qd5 58. Qe2 Qd4+ 59. Be3
Qc4 60. Qb2 Kd5 61. Qd2+ Ke6 62. Bd4 Qc2 63. Qxc2 bxc2 64. Bb2 Nc4 65. Bc1 Na5
0-1

[Event "ChFRA - National B"]
[Site "Aix-les-Bains"]
[Date "2007.08.13"]
[Round "2.2"]
[White "Govciyan, Pavel"]
[Black "Libiszewski, Fabien"]
[Result "1/2-1/2"]
[WhiteElo "2430"]
[BlackElo "2469"]
[PlyCount "27"]
[EventDate "2007.08.13"]
[EventType "tourn"]
[EventRounds "11"]
[EventCountry "FRA"]
[Source "lmi"]
[SourceDate "2007.08.13"]

1. Nf3 Nf6 2. c4 g6 3. b4 Bg7 4. Bb2 O-O 5. e3 d6 6. d4 Nbd7 7. Be2 e5 8. Nc3
Re8 9. h3 Qe7 10. Qb3 Nf8 11. Nd5 Nxd5 12. cxd5 e4 13. Nd2 c6 14. dxc6 1/2-1/2

[Event "ChFRA - National B"]
[Site "Aix-les-Bains"]
[Date "2007.08.13"]
[Round "2.3"]
[White "Kouatly, Bachar"]
[Black "Abergel, Thal"]
[Result "0-1"]
[WhiteElo "2475"]
[BlackElo "2512"]
[PlyCount "80"]
[EventDate "2007.08.13"]
[EventType "tourn"]
[EventRounds "11"]
[EventCountry "FRA"]
[Source "lmi"]
[SourceDate "2007.08.13"]

1. d4 d5 2. c4 c6 3. cxd5 cxd5 4. Nc3 Nf6 5. Bf4 a6 6. e3 Nc6 7. Bd3 Bg4 8. f3
Bh5 9. Qb3 Ra7 10. Rc1 Bg6 11. Bxg6 hxg6 12. Na4 e6 13. Nc5 Bxc5 14. Rxc5 Nh5
15. Ne2 O-O 16. h4 Na5 17. Qd3 Nc4 18. Bc7 Qd7 19. Qc3 b6 20. Rxc4 dxc4 21.
Bxb6 Rb7 22. Bc5 Rfb8 23. Ba3 Qc7 24. Kf2 Nf6 25. e4 Nd7 26. Rc1 Rc8 27. Qe3
Qd8 28. g3 Nb6 29. Nc3 Qd7 30. Rc2 Na4 31. Nd1 e5 32. d5 Qh3 33. Ke2 Qxg3 34.
b3 Nb6 35. bxc4 Rxc4 36. Rb2 Nxd5 37. exd5 Rxb2+ 38. Bxb2 Qg2+ 39. Ke1 Rc2 40.
Nf2 Qg1# 0-1

[Event "ChFRA - National B"]
[Site "Aix-les-Bains"]
[Date "2007.08.13"]
[Round "2.4"]
[White "Maze, Sebastien"]
[Black "Colin, Vincent"]
[Result "1-0"]
[WhiteElo "2530"]
[BlackElo "2425"]
[PlyCount "39"]
[EventDate "2007.08.13"]
[EventType "tourn"]
[EventRounds "11"]
[EventCountry "FRA"]
[Source "lmi"]
[SourceDate "2007.08.13"]

1. e4 e5 2. Nf3 Nc6 3. Nc3 Nf6 4. Bb5 Bd6 5. d3 h6 6. h3 a6 7. Ba4 b5 8. Bb3
Bb7 9. Ne2 Na5 10. Ng3 Nxb3 11. axb3 g6 12. O-O Qe7 13. c3 Bc5 14. Nxe5 O-O-O
15. Nf3 Bb6 16. Qe2 Rde8 17. Be3 Bxe3 18. Qxe3 d5 19. e5 d4 20. exf6 1-0

[Event "ChFRA - National B"]
[Site "Aix-les-Bains"]
[Date "2007.08.13"]
[Round "2.6"]
[White "Shoker, Samy"]
[Black "Cornette, Matthieu"]
[Result "1-0"]
[WhiteElo "2318"]
[BlackElo "2487"]
[PlyCount "67"]
[EventDate "2007.08.13"]
[EventType "tourn"]
[EventRounds "11"]
[EventCountry "FRA"]
[Source "lmi"]
[SourceDate "2007.08.13"]

1. g3 g6 2. Bg2 Bg7 3. c4 d6 4. Nc3 e5 5. Nf3 f5 6. d3 Nf6 7. O-O O-O 8. Rb1 h6
9. b4 g5 10. Ba3 Qe8 11. c5 d5 12. c6 bxc6 13. b5 g4 14. Nh4 Rf7 15. bxc6 Be6
16. Rb5 Nxc6 17. Nxd5 Nd4 18. Ra5 Nxd5 19. Bxd5 Bxd5 20. Rxd5 Qe6 21. e4 f4 22.
Bc5 Nf3+ 23. Nxf3 gxf3 24. Qxf3 Kh7 25. Kh1 Bf8 26. Qh5 Bxc5 27. Rxe5 Qxa2 28.
Rxc5 fxg3 29. hxg3 Qe6 30. Rfc1 Rxf2 31. Rc6 Rf1+ 32. Kg2 Qa2+ 33. Kxf1 Rf8+
34. Kg1 1-0

[Event "ChFRA - National B"]
[Site "Aix-les-Bains"]
[Date "2007.08.15"]
[Round "3.1"]
[White "Abergel, Thal"]
[Black "Govciyan, Pavel"]
[Result "1-0"]
[WhiteElo "2512"]
[BlackElo "2430"]
[PlyCount "107"]
[EventDate "2007.08.13"]
[EventType "tourn"]
[EventRounds "11"]
[EventCountry "FRA"]
[Source "lmi"]
[SourceDate "2007.08.13"]

1. d4 d5 2. Nf3 e6 3. e3 c6 4. Bd3 Nd7 5. Nbd2 f5 6. Ne5 Nxe5 7. dxe5 Nh6 8.
Qh5+ g6 9. Qe2 Nf7 10. f4 Bc5 11. Nb3 Be7 12. c4 O-O 13. Bd2 Bd7 14. Rc1 Rc8
15. c5 b6 16. a4 Rb8 17. O-O Bxc5 18. Nxc5 bxc5 19. Rxc5 Rxb2 20. a5 Qe7 21.
Rfc1 Rfb8 22. Qe1 R2b3 23. Bf1 Nh6 24. h3 g5 25. a6 Kh8 26. Ba5 g4 27. Bc7 Rg8
28. Bd6 Qg7 29. Qh4 gxh3 30. Qxh3 Ng4 31. R5c3 Rb2 32. R3c2 Rb3 33. Bc5 Be8 34.
Bd4 Qe7 35. Rc3 Rb8 36. Bc5 Qg7 37. Qh4 h6 38. R3c2 Kh7 39. Rd2 Rb3 40. Re2 Qf7
41. Rcc2 Rg7 42. Rb2 Rc3 43. Rec2 d4 44. Bxd4 Rxc2 45. Rxc2 c5 46. Rxc5 Qd7 47.
Bb5 Qxb5 48. Rxb5 Bxb5 49. e4 Rc7 50. Bc5 Kg6 51. exf5+ exf5 52. Qd8 Rc6 53.
Be3 Rc7 54. Qh4 1-0

[Event "ChFRA - National B"]
[Site "Aix-les-Bains"]
[Date "2007.08.15"]
[Round "3.2"]
[White "Shchekachev, Andrei"]
[Black "Shoker, Samy"]
[Result "0-1"]
[WhiteElo "2541"]
[BlackElo "2318"]
[PlyCount "84"]
[EventDate "2007.08.13"]
[EventType "tourn"]
[EventRounds "11"]
[EventCountry "FRA"]
[Source "lmi"]
[SourceDate "2007.08.13"]

1. e4 g6 2. d4 Bg7 3. Nf3 d6 4. c3 Nd7 5. Bd3 e5 6. O-O Ngf6 7. Re1 O-O 8. Bc2
b6 9. a4 a5 10. Na3 Bb7 11. d5 h6 12. Nb5 Ne8 13. g3 Qe7 14. c4 Nc5 15. Ra3 Bc8
16. Nh4 h5 17. Ng2 Kh7 18. Bd2 Bh6 19. f4 Bg4 20. Qc1 exf4 21. gxf4 Bg7 22. e5
dxe5 23. fxe5 Bxe5 24. Bc3 Nd7 25. Qe3 Nd6 26. Nxd6 cxd6 27. h3 Bf5 28. Bxf5
gxf5 29. Bd2 Qf6 30. Qf3 Rh8 31. Rf1 Rag8 32. Qxf5+ Qxf5 33. Rxf5 Kg7 34. Raf3
f6 35. b3 Kf7 36. Kf1 Nc5 37. Be1 Rg7 38. Nf4 Rhg8 39. Rxh5 Rg1+ 40. Ke2 Bxf4
41. Rh7+ Kg6 42. Re7 Kf5 0-1

[Event "ChFRA - National B"]
[Site "Aix-les-Bains"]
[Date "2007.08.15"]
[Round "3.3"]
[White "Colin, Vincent"]
[Black "Edouard, Romain"]
[Result "0-1"]
[WhiteElo "2425"]
[BlackElo "2483"]
[PlyCount "124"]
[EventDate "2007.08.13"]
[EventType "tourn"]
[EventRounds "11"]
[EventCountry "FRA"]
[Source "lmi"]
[SourceDate "2007.08.13"]

1. e4 c5 2. Nf3 d6 3. d4 cxd4 4. Qxd4 a6 5. c4 Nc6 6. Qd2 Bg4 7. Be2 Nf6 8. Nc3
g6 9. b3 Bg7 10. Bb2 O-O 11. h3 Bxf3 12. Bxf3 Nd7 13. Nd5 Bxb2 14. Qxb2 e6 15.
Nc3 Nd4 16. O-O-O Nxf3 17. gxf3 Qg5+ 18. Qd2 Qf6 19. f4 b5 20. e5 Qf5 21. cxb5
axb5 22. Kb2 Rfc8 23. Qxd6 Nc5 24. Qd4 b4 25. Qxb4 Nd3+ 26. Rxd3 Qxd3 27. Rd1
Qf3 28. Rc1 Qxf2+ 29. Kb1 Qd2 30. Qe4 Ra7 31. Rc2 Qd8 32. Kb2 Qb6 33. a4 Rac7
34. Qd3 Qb4 35. Qe3 h5 36. Rc1 Kh7 37. Na2 Qb7 38. Rxc7 Rxc7 39. Nc3 Qg2+ 40.
Ka3 Qf1 41. Nb5 Rc2 42. Nd6 Kg8 43. f5 exf5 44. e6 Qa1+ 45. Kb4 fxe6 46. Qxe6+
Kh7 47. Kb5 Qg7 48. b4 Qc7 49. Qf7+ Qxf7 50. Nxf7 Kg7 51. Ng5 h4 52. a5 Kf6 53.
Nf3 Rc3 54. Nxh4 Rg3 55. a6 Kg5 56. a7 Ra3 57. Nf3+ Kf4 58. Kb6 Kxf3 59. Kb7
Ke4 60. a8=Q Rxa8 61. Kxa8 Kd5 62. Kb7 f4 0-1

[Event "ChFRA - National B"]
[Site "Aix-les-Bains"]
[Date "2007.08.15"]
[Round "3.4"]
[White "Libiszewski, Fabien"]
[Black "Maze, Sebastien"]
[Result "1/2-1/2"]
[WhiteElo "2469"]
[BlackElo "2530"]
[PlyCount "26"]
[EventDate "2007.08.13"]
[EventType "tourn"]
[EventRounds "11"]
[EventCountry "FRA"]
[Source "lmi"]
[SourceDate "2007.08.13"]

1. e4 c5 2. d3 Nc6 3. g3 h5 4. Nf3 d6 5. Bg2 e5 6. Nc3 Be7 7. Nd5 Be6 8. c3 h4
9. Be3 h3 10. Bf1 Nf6 11. Nxe7 Nxe7 12. Qa4+ Qd7 13. Qxd7+ Bxd7 1/2-1/2

[Event "ChFRA - National B"]
[Site "Aix-les-Bains"]
[Date "2007.08.15"]
[Round "3.5"]
[White "Crut, Aurelien"]
[Black "Prie, Eric"]
[Result "1/2-1/2"]
[WhiteElo "2350"]
[BlackElo "2518"]
[PlyCount "73"]
[EventDate "2007.08.13"]
[EventType "tourn"]
[EventRounds "11"]
[EventCountry "FRA"]
[Source "lmi"]
[SourceDate "2007.08.13"]

1. c4 b6 2. d4 Bb7 3. Nc3 e6 4. a3 f5 5. Nf3 Nf6 6. d5 Na6 7. g3 Nc5 8. Bg2 Bd6
9. O-O O-O 10. Nd4 Qe7 11. Qc2 Be5 12. Rd1 Rae8 13. b4 Nce4 14. Nxe4 Nxe4 15.
Bb2 Qf7 16. dxe6 dxe6 17. f4 Bxd4+ 18. Bxd4 Rd8 19. Be5 Qe7 20. Rxd8 Rxd8 21.
Rd1 a5 22. Rxd8+ Qxd8 23. Qd3 Qe7 24. Bb2 axb4 25. axb4 h5 26. Bxe4 Bxe4 27.
Qc3 Kh7 28. h4 Qf7 29. Kf2 c6 30. Qd4 b5 31. c5 Bd5 32. Qc3 Qg6 33. Qd4 Qg4 34.
Qc3 Kh6 35. Ba1 Bc4 36. Qf3 Qxf3+ 37. Ke1 1/2-1/2

[Event "ChFRA - National B"]
[Site "Aix-les-Bains"]
[Date "2007.08.15"]
[Round "3.6"]
[White "Cornette, Matthieu"]
[Black "Kouatly, Bachar"]
[Result "1/2-1/2"]
[WhiteElo "2487"]
[BlackElo "2475"]
[PlyCount "56"]
[EventDate "2007.08.13"]
[EventType "tourn"]
[EventRounds "11"]
[EventCountry "FRA"]
[Source "lmi"]
[SourceDate "2007.08.13"]

1. e4 c5 2. Nf3 e6 3. d4 cxd4 4. Nxd4 Nf6 5. Nc3 Nc6 6. Nxc6 bxc6 7. e5 Nd5 8.
Ne4 Qc7 9. f4 c5 10. c4 Nb4 11. Be2 Bb7 12. Bf3 Rd8 13. a3 Nc6 14. Be3 Nxe5 15.
fxe5 Qxe5 16. Qd3 f5 17. Ng5 Ba6 18. O-O Bxc4 19. Qd2 Bxf1 20. Nxe6 dxe6 21.
Bc6+ Kf7 22. Qxd8 Qxe3+ 23. Kxf1 Qf4+ 24. Ke2 g6 25. Be8+ Kg7 26. Rd1 Qe5+ 27.
Kf1 Qf4+ 28. Ke2 Qe5+ 1/2-1/2

[Event "ChFRA - National B"]
[Site "Aix-les-Bains"]
[Date "2007.08.16"]
[Round "4.1"]
[White "Govciyan, Pavel"]
[Black "Cornette, Matthieu"]
[Result "0-1"]
[WhiteElo "2430"]
[BlackElo "2487"]
[PlyCount "122"]
[EventDate "2007.08.13"]
[EventType "tourn"]
[EventRounds "11"]
[EventCountry "FRA"]
[Source "lmi"]
[SourceDate "2007.08.13"]

1. Nf3 c5 2. c4 Nc6 3. d4 cxd4 4. Nxd4 e6 5. Nc3 Nf6 6. g3 Qb6 7. Ndb5 Ne5 8.
Be3 Qc6 9. Bf4 a6 10. Qa4 b6 11. Nd4 Qxh1 12. Bxe5 Ng4 13. Nf3 Bb7 14. O-O-O
Bc6 15. Qc2 Bxf3 16. exf3 Nxe5 17. Qe4 Qxf3 18. Qxe5 Be7 19. Bd3 Bf6 20. Qe1
Rc8 21. Ne4 Be7 22. Qc3 O-O 23. Nd6 Bg5+ 24. Kc2 Qxf2+ 25. Kb1 Bf6 26. Qb3 Rc6
27. Bc2 Qe2 28. Bd3 Qe5 29. Ne4 Be7 30. Bc2 f5 31. Nd2 Rd6 32. Bd3 Qe3 33. Kc2
Rc8 34. g4 f4 35. Ne4 Rxd3 36. Qxd3 d5 37. Nd2 Qxd3+ 38. Kxd3 dxc4+ 39. Nxc4
Rd8+ 40. Kc2 Rxd1 41. Kxd1 b5 42. Nd2 Kf7 43. Ke2 Kf6 44. Nf3 Bc5 45. Kd3 e5
46. Ke4 Bd4 47. b3 g5 48. Kd5 h6 49. h3 Ke7 50. Nd2 Kd7 51. Nf3 Bc3 52. Ng1 Kc8
53. Nf3 Kc7 54. Ke4 Kd6 55. Kd3 Kd5 56. Kxc3 Ke4 57. Nd2+ Ke3 58. b4 f3 59. Kc2
Ke2 60. Ne4 f2 61. Ng3+ Ke1 0-1

[Event "ChFRA - National B"]
[Site "Aix-les-Bains"]
[Date "2007.08.16"]
[Round "4.2"]
[White "Edouard, Romain"]
[Black "Libiszewski, Fabien"]
[Result "1-0"]
[WhiteElo "2483"]
[BlackElo "2469"]
[PlyCount "71"]
[EventDate "2007.08.13"]
[EventType "tourn"]
[EventRounds "11"]
[EventCountry "FRA"]
[Source "lmi"]
[SourceDate "2007.08.13"]

1. e4 c5 2. Nf3 Nc6 3. d4 cxd4 4. Nxd4 e5 5. Nb5 d6 6. N1c3 a6 7. Na3 Be7 8.
Nc4 b5 9. Ne3 Nf6 10. g3 O-O 11. Bg2 b4 12. Ncd5 Nxd5 13. Nxd5 Bg5 14. Bxg5
Qxg5 15. O-O Rd8 16. a3 bxa3 17. Rxa3 Rb8 18. f4 Qh6 19. Rc3 Nd4 20. g4 Bb7 21.
g5 Qe6 22. f5 Qe8 23. Nf6+ gxf6 24. gxf6 Kh8 25. Rh3 Qf8 26. Qh5 Qg8 27. Rg3 d5
28. c3 dxe4 29. cxd4 e3 30. Bxb7 Rxb7 31. Rxg8+ Rxg8+ 32. Kh1 Rxb2 33. dxe5
Rbg2 34. Qf3 e2 35. Qxg2 Rxg2 36. Kxg2 1-0

[Event "ChFRA - National B"]
[Site "Aix-les-Bains"]
[Date "2007.08.16"]
[Round "4.3"]
[White "Shchekachev, Andrei"]
[Black "Crut, Aurelien"]
[Result "1/2-1/2"]
[WhiteElo "2541"]
[BlackElo "2350"]
[PlyCount "47"]
[EventDate "2007.08.13"]
[EventType "tourn"]
[EventRounds "11"]
[EventCountry "FRA"]
[Source "lmi"]
[SourceDate "2007.08.13"]

1. Nf3 d5 2. d4 Nf6 3. c4 e6 4. Bg5 c6 5. e3 Nbd7 6. cxd5 exd5 7. Nc3 Be7 8.
Bd3 Ne4 9. Bf4 Ndf6 10. Qc2 Nxc3 11. bxc3 O-O 12. O-O c5 13. c4 dxc4 14. Bxc4
Bg4 15. Ne5 cxd4 16. Nxg4 Nxg4 17. Rad1 Qc8 18. Rxd4 b5 19. Bb3 Qxc2 20. Bxc2
Nf6 21. Rfd1 Rfd8 22. Rxd8+ Rxd8 23. Rxd8+ Bxd8 24. Bg5 1/2-1/2

[Event "ChFRA - National B"]
[Site "Aix-les-Bains"]
[Date "2007.08.16"]
[Round "4.4"]
[White "Maze, Sebastien"]
[Black "Abergel, Thal"]
[Result "1/2-1/2"]
[WhiteElo "2530"]
[BlackElo "2512"]
[PlyCount "145"]
[EventDate "2007.08.13"]
[EventType "tourn"]
[EventRounds "11"]
[EventCountry "FRA"]
[Source "lmi"]
[SourceDate "2007.08.13"]

1. e4 c5 2. Nf3 d6 3. c3 Nf6 4. h3 Nc6 5. Bd3 d5 6. e5 c4 7. Bc2 Nd7 8. Qe2 Qc7
9. e6 fxe6 10. b3 cxb3 11. Bxb3 Nde5 12. O-O g6 13. d4 Nf7 14. Ng5 Nxg5 15.
Bxg5 Bg7 16. Nd2 O-O 17. Nf3 Bd7 18. Qe3 Kh8 19. Bh6 Rf5 20. Bxg7+ Kxg7 21. Bc2
Rf6 22. Ba4 Na5 23. Bb3 Qf4 24. Qxf4 Rxf4 25. Ne5 Bb5 26. Rfe1 Rc8 27. Re3 Re4
28. Rxe4 dxe4 29. Rc1 Bc4 30. Nxc4 Nxc4 31. Kf1 Kf6 32. Ke2 e5 33. d5 Rc5 34.
Bxc4 Rxc4 35. Kd2 b5 36. Rb1 Rc5 37. Rb4 Kf5 38. a4 Rxd5+ 39. Ke2 bxa4 40. Rxa4
a5 41. c4 Rc5 42. Ke3 h5 43. g3 g5 44. Ke2 g4 45. h4 Rc8 46. Ke3 Rb8 47. Ra3
Rb4 48. Rxa5 Rxc4 49. Ra3 Rd4 50. Ra8 Rd3+ 51. Ke2 Rf3 52. Rf8+ Ke6 53. Rh8 e3
54. fxe3 Rxg3 55. Rxh5 Rh3 56. Kd3 Kd5 57. Rg5 Rxh4 58. e4+ Kd6 59. Ke3 Rh3+
60. Kf2 Rf3+ 61. Ke2 e6 62. Rxg4 Rf4 63. Rg8 Rxe4+ 64. Kd3 Rh4 65. Rd8+ Ke7 66.
Ra8 Kf6 67. Rf8+ Kg5 68. Ke3 e4 69. Rf7 Kg6 70. Rf8 Rh1 71. Kxe4 Re1+ 72. Kd3
Re5 73. Rf1 1/2-1/2

[Event "ChFRA - National B"]
[Site "Aix-les-Bains"]
[Date "2007.08.16"]
[Round "4.5"]
[White "Prie, Eric"]
[Black "Colin, Vincent"]
[Result "1-0"]
[WhiteElo "2518"]
[BlackElo "2425"]
[PlyCount "51"]
[EventDate "2007.08.13"]
[EventType "tourn"]
[EventRounds "11"]
[EventCountry "FRA"]
[Source "lmi"]
[SourceDate "2007.08.13"]

1. d4 f5 2. Bg5 h6 3. Bh4 g5 4. e3 Nf6 5. Bg3 Bg7 6. Nc3 O-O 7. f3 d5 8. Nge2
Nc6 9. Qd2 Be6 10. Nc1 Nh5 11. Bf2 f4 12. Bb5 Bf7 13. Bxc6 bxc6 14. Nb3 e5 15.
O-O-O fxe3 16. Bxe3 Nf4 17. h4 Ne6 18. dxe5 Bxe5 19. hxg5 hxg5 20. Qd3 Re8 21.
Qh7+ Kf8 22. Ne4 Qe7 23. Qf5 Bg7 24. Nxg5 Reb8 25. Rde1 Ke8 26. Bc5 1-0

[Event "ChFRA - National B"]
[Site "Aix-les-Bains"]
[Date "2007.08.16"]
[Round "4.6"]
[White "Shoker, Samy"]
[Black "Kouatly, Bachar"]
[Result "1/2-1/2"]
[WhiteElo "2318"]
[BlackElo "2475"]
[PlyCount "78"]
[EventDate "2007.08.13"]
[EventType "tourn"]
[EventRounds "11"]
[EventCountry "FRA"]
[Source "lmi"]
[SourceDate "2007.08.13"]

1. g3 Nf6 2. Bg2 d5 3. d3 g6 4. Nf3 Bg7 5. O-O O-O 6. Na3 c5 7. c4 Nc6 8. Bd2
e5 9. Rb1 Re8 10. cxd5 Nxd5 11. Nc4 b6 12. a3 Bb7 13. b4 cxb4 14. axb4 e4 15.
Ng5 b5 16. dxe4 Nf6 17. e5 bxc4 18. exf6 Qxf6 19. Ne4 Rxe4 20. Bxe4 Qe7 21. f3
c3 22. Be3 Nxb4 23. Qb3 a5 24. Bb6 Bxe4 25. fxe4 c2 26. Rbc1 Qe6 27. Qe3 Qc4
28. e5 Nd5 29. Qf2 Nxb6 30. Qxb6 Bf8 31. Qb7 Ra7 32. Qf3 Rc7 33. Rf2 Bh6 34. e3
Qb3 35. Kg2 Bxe3 36. e6 Qxe6 37. Re2 Rc3 38. Rf2 Rc8 39. Re2 Rc6 1/2-1/2

[Event "ChFRA - National B"]
[Site "Aix-les-Bains"]
[Date "2007.08.17"]
[Round "5.1"]
[White "Crut, Aurelien"]
[Black "Shoker, Samy"]
[Result "1/2-1/2"]
[WhiteElo "2350"]
[BlackElo "2318"]
[PlyCount "29"]
[EventDate "2007.08.13"]
[EventType "tourn"]
[EventRounds "11"]
[EventCountry "FRA"]
[Source "lmi"]
[SourceDate "2007.08.13"]

1. e4 g6 2. d4 Bg7 3. Nc3 d6 4. f4 Nf6 5. Nf3 O-O 6. Bd3 Na6 7. O-O c5 8. d5
Rb8 9. Qe2 Nc7 10. a4 a6 11. a5 e6 12. dxe6 Nxe6 13. f5 Nd4 14. Nxd4 cxd4 15.
Nd1 1/2-1/2